[Event "Biel MTO op"]
[Site "Biel"]
[Date "2003.07.24"]
[Round "4"]
[White "Avrukh, Boris"]
[Black "Al Modiahki, Mohamad"]
[Result "1/2-1/2"]
[WhiteElo "2557"]
[BlackElo "2574"]
[Annotator "Avrukh,B"]
[PlyCount "43"]
[EventDate "2003.07.19"]
[EventType "swiss"]
[EventRounds "11"]
[EventCountry "SUI"]
[SourceTitle "CBM 095 Extra"]
[Source "ChessBase"]
[SourceDate "2003.09.04"]
[SourceVersion "1"]
[SourceVersionDate "2003.09.04"]
[SourceQuality "1"]

1. d4 d5 {This move already surprised me, as I had rather expected a Kings
Indian.} 2. c4 c6 3. Nc3 Nf6 4. e3 e6 5. Nf3 Nbd7 6. Bd3 dxc4 7. Bxc4 b5 8. Bd3
Bb7 9. a3 b4 10. Ne4 Nxe4 11. Bxe4 bxa3 12. O-O $5 Bd6 ({Of course black has
more alternatives:} 12... Nf6 13. Bd3 axb2 14. Bxb2 $44) (12... axb2 13. Bxb2
Be7 $6 (13... Nf6 $142) 14. Qc2 $1 {[%csl Gc6,Gh7]} h6 15. Bxc6 Rc8 16. d5 exd5
17. Bxd7+ Qxd7 18. Qb3 $16 {1-0 Najer,E-Potkin,V/Ubeda 2001/CBM 80 ext (40)}) (
12... Be7 $5 {0-1 Gelfand,B-Bareev,E/Moscow 2002/CBM 91/[Lutz] (53)}) 13. b4 $5
{[%mdl 8] A very interesting try to improve white's play in this line. I would
say, that such a pawn sacrifice is already a typical idea in the Meran with 8..
.Bb7.} ({Some months ago white has tried:} 13. b3 Qe7 14. Qc2 (14. Nd2 $5 {
[%cal Gd2c4]}) 14... O-O 15. Bxh7+ Kh8 16. Bd3 c5 $132 {1/2-1/2 Lugovoi,
A-Yevseev,D/St Petersburg RUS 2003/The Week in Chess 441 (30)}) 13... Nf6 (
13... Bxb4 $143 14. Qb3 a5 (14... Qb6 $6 15. Bxa3 Bxa3 16. Qxa3 $36 {[%csl Ge8]
[%cal Gf1b1]}) 15. Bxa3 Qb6 16. Bxb4 axb4 (16... Qxb4 17. Qc2 {[%cal Gf1b1]})
17. Nd2 O-O 18. Nc4 Qb5 19. Nd6 Qb6 20. Rab1 $14 {[%csl Gb4]}) 14. Bd3 Nd5 $1 (
14... Bxb4 15. Qb3 a5 16. Bxa3 $44) 15. Bxa3 (15. b5 $143 $2 Nc3 16. Qc2 Nxb5
17. e4 Be7 $1 {[%csl Gd4] and white should fight for equality.}) 15... Nxb4 16.
Bxb4 (16. Ne5 a5 17. Bxb4 axb4 $1) 16... Bxb4 {Now I had to figure out what
was the point of my play.} 17. Ne5 ({Another very interesting alternative was:
} 17. Ba6 $5 {but black holds after correct} Qb6 $1 (17... Bxa6 $143 18. Rxa6 {
[%csl Ga7,Gc6]} O-O 19. Ne5 c5 20. Nc6 {[%csl Gb4]} Qd7 21. Qc2 $16) (17... Qc8
18. Qd3 O-O 19. Rfc1 $1 (19. Rfb1 c5 20. Ng5 (20. dxc5 Bxa6 21. Rxa6 Qxc5 $15)
20... g6 21. Bxb7 Qxb7 22. dxc5 a5 23. Ne4 Rfd8 $11) 19... Be7 20. Ne5 c5 21.
dxc5 Bf6 22. Bxb7 Qxb7 23. Rab1 $1 $16 Qd5 24. Qxd5 exd5 25. Nd7 Rfc8 26. c6
Rc7 27. Rb7 Rac8 28. Rxc7 Rxc7 29. Nb8 $1 $18 {[%cal Gb8a6]}) (17... Rb8 18.
Bxb7 Rxb7 19. Ne5 O-O 20. Nxc6 Qb6 21. Qa4 Bd6 22. Nxa7 $1 Ra8 23. Qc6 $16) 18.
Qd3 O-O 19. Rfb1 Rfb8 (19... Rab8 $5) 20. Ne5 (20. Ng5 g6 21. Ne4 Bxa6 22. Rxa6
Qb5 $1 {does not promise white any advantage}) 20... c5 21. dxc5 Qxc5 22. Bxb7
Rxb7 23. Qe4 Qd5 24. Qxd5 exd5 25. Nc6 Bc3 $1 26. Rxb7 Bxa1 $11) 17... a5 $1 (
17... Bd6 18. Nc4 Bb4 19. Qb3 a5 20. Nxa5 $1 Bxa5 21. Qxb7 O-O 22. Qxc6 $16)
18. Qh5 (18. Qc2 Qh4 $1 {[%csl Gh7][%cal Ge8g8]} (18... Qc7 19. Be4) (18... Rc8
{[%cal Gc6c5]} 19. Be4 f5 (19... g6 20. Rfb1 $40 {[%cal Ge5d3]}) 20. Bf3 O-O
21. Rfc1 $44) 19. Rfc1 O-O 20. Nxc6 Rfc8 21. Be4 Ra6 {and black is not worse
for sure}) 18... Qc7 $1 {The last strong move in black's very tough defence.
Black dark-squared bishop is coming back to help his king to make castle.
Probably white has not enough resources to fight for advantage.} ({Much worse
was:} 18... g6 19. Qh6 {[%cal Gh6g7]} (19. Qf3 $143 $6 O-O 20. Be4 Qd6 21. Bxc6
Bxc6 22. Nxc6 a4 $11) 19... Bf8 20. Qf4 (20. Qh3 Bb4) 20... f6 21. Rfb1 $1 {
[%csl Gb7]} Bb4 22. Qh6 $1 $40 {[%csl Ge8] and white has a very dangerous
attack, for example:} fxe5 23. Qg7 Rf8 24. Qxb7 $16 {[%csl Gc6,Gh7]}) 19. Rfc1
(19. Rfb1 Rb8 20. Ra2 g6 21. Qh6 Bf8 {leads to roughly the same situation as
in the game.}) 19... g6 20. Qh6 Bf8 21. Qg5 (21. Qf4 Bd6) 21... Be7 ({Secretly
hoping for:} 21... Bd6 $2 22. Nxc6 $1 O-O (22... Bxc6 $140 23. Rxc6 Qxc6 $2 24.
Bb5 $18) 23. Nxa5 $16) 22. Qh6 1/2-1/2

[Event "Groningen PCA"]
[Site "Groningen"]
[Date "1993.??.??"]
[Round "1"]
[White "Sokolov, Ivan"]
[Black "Shirov, Alexei"]
[Result "0-1"]
[WhiteElo "2610"]
[BlackElo "2685"]
[Annotator "Belov,I"]
[PlyCount "106"]
[EventDate "1993.12.??"]
[EventType "swiss"]
[EventRounds "11"]
[EventCountry "NED"]
[SourceTitle "CBM 039"]
[Source "ChessBase"]
[SourceDate "1994.04.01"]
[SourceVersion "1"]
[SourceVersionDate "1994.04.01"]
[SourceQuality "1"]

1. d4 d5 2. c4 c6 3. Nc3 Nf6 4. Nf3 e6 5. e3 Nbd7 6. Bd3 dxc4 7. Bxc4 b5 8. Be2
Bb7 9. O-O a6 10. e4 c5 11. e5 Nd5 12. a4 b4 13. Ne4 Be7 $5 $146 (13... Rc8 14.
Bg5 Qb6 15. a5 Qa7 16. Nfd2 cxd4 17. Nc4 Rxc4 18. Bxc4 Nxe5 19. Rc1 f5 20. Bxd5
$1 Bxd5 21. Rc8+ $1 Kf7 22. Qh5+ g6 23. Rxf8+ $1 Kxf8 24. Qh6+ Qg7 25. Qxg7+
Kxg7 26. Bf6+ Kg8 27. Bxe5 fxe4 28. Bxd4 $1 $18 {Speelman,J-Van De
Oudeweetering,A/NED/1992/1:0 (40) Inf 56/479/}) (13... h6 14. Nfd2 Be7 15. Nc4
O-O 16. Ncd6 Bc6 17. Nxc5 Bxd6 18. exd6 Nb8 $1 19. Ne4 a5 20. Re1 Nd7 21. Bd3
$14 {Khenkin,I-Shabalov,A/Minsk/1990/1:0 (48)/}) (13... cxd4 14. Qxd4 (14. Bg5
Qa5 15. Qxd4 h6 16. Bh4 (16. Bd2 Qb6 17. Qxb6 N5xb6 $10 {Speelman,J-Sherbakov,
R/London/1992/0,5 (42) Inf 55/439/}) 16... Qb6 17. Qd2 Nc5 18. Nxc5 Bxc5 19. a5
Qa7 20. Rfc1 O-O 21. Bd3 $14 {Vyzmanavin,A-Sorokin,M/SSSR(ch)/1:0 (32) Inf 53/
423/}) 14... Qb6 15. Qd3 h6 16. Bd2 Be7 17. a5 Qa7 18. Rfc1 O-O 19. Rc4 $14 {
Piesina,G-Ruzele,D/LTU(ch)/1993/1:0 (35)/}) 14. Bg5 O-O (14... Bxg5 $6 15. Nd6+
Kf8 16. Nxb7 Qe7 17. Nxg5 Qxg5 18. Bf3 $16) 15. Nd6 (15. Bxe7 $5 Qxe7 16. Nd6
Rfb8 (16... Bc6 17. Rc1 $14) 17. Rc1 (17. Nxb7 Rxb7 18. a5 cxd4 19. Qxd4 Nc5
20. Bc4 $14) 17... f6 18. Nxb7 Rxb7 19. Bc4 $14) 15... Bxg5 (15... Bc6 16. Bxe7
Qxe7 17. Rc1 $14) 16. Nxb7 Qe7 (16... Qc7 $6 17. Nxc5 Nxc5 18. Nxg5 $16) 17.
Nxc5 $6 (17. Nxg5 $5 Qxg5 18. Bf3 Nf4 (18... cxd4 19. Bxd5 exd5 20. f4 $16) 19.
dxc5 (19. Nxc5 Nxc5 20. dxc5 Rad8 $13) 19... Nxe5 20. Rc1 $14) 17... Nxc5 18.
dxc5 Bh6 $13 19. Qc2 Rfc8 20. c6 Qc7 21. Bd3 g6 22. a5 $6 (22. Be4 $5 Qxc6 23.
Qxc6 Rxc6 24. Bxd5 exd5 25. Nd4 $10 (25. Rad1 Rc2 26. b3 Rc3 27. Nd4 Re8 28.
Rfe1 Bf8)) 22... Qxc6 23. Qxc6 Rxc6 24. g3 (24. Nd4 $5 Rc7 25. Nb3) 24... Rc5
25. Rfe1 (25. Nd4 $5 Ne3 26. Rfe1 Ng4 27. Nf3) 25... b3 $5 26. Ra3 (26. Nd4 Nb4
(26... Rb8 $5) 27. Bf1 Nc2 $2 28. Nxb3 $16) 26... Rb8 27. Nd4 (27. Bxa6 $2 Nb4
28. Bf1 Nc2 $19) (27. Be4 $5 Bc1 28. Re2 $13) 27... Nb4 28. Rxb3 $2 (28. Be4)
28... Rd8 $1 29. Re4 (29. Rxb4 Bd2 $19) 29... Nxd3 30. Rxd3 Rcd5 $19 31. f4 Bf8
32. Kg2 Bc5 33. Nb3 $8 Rxd3 34. Nxc5 Rd2+ 35. Kh3 Rxb2 36. Nxa6 Ra8 37. Nc5
Rxa5 38. Rc4 Raa2 39. Ne4 Rxh2+ (39... h5 $6 40. Kh4 Rxh2+ 41. Kg5) 40. Kg4 Kg7
41. Nf6 Ra3 $6 (41... Ra8 $5 42. Rc3 h5+ 43. Kg5 h4 44. g4 h3 $19) 42. Ne8+ Kh6
$8 (42... Kf8 $2 43. Rc8 Rg2 44. Kg5 $18) 43. Rc1 $1 g5 (43... Ra8 44. Nd6 Ra7
45. Rc8 Rd7 46. Ne8 Rhd2 47. Nf6 $44) 44. fxg5+ Kg6 45. Rf1 f5+ $6 (45... Ra4+
46. Rf4 h5+ 47. gxh6 Rxf4+ 48. gxf4 Rxh6 $17) 46. gxf6 (46. exf6 $5) 46... Rg2
47. Ng7 $2 (47. f7 $2 Rgxg3+ 48. Kh4 Rh3+ 49. Kg4 Rag3+ 50. Kf4 Kxf7 $19) 47...
Rgxg3+ $19 48. Kh4 Rh3+ 49. Kg4 Rag3+ 50. Kf4 h5 51. Ke4 Kf7 52. Kd4 Rg4+ 53.
Kc5 Re3 0-1

[Event "Groningen PCA"]
[Site "Groningen"]
[Date "1993.??.??"]
[Round "7"]
[White "Piket, Jeroen"]
[Black "Kaidanov, Gregory S"]
[Result "1/2-1/2"]
[WhiteElo "2590"]
[BlackElo "2640"]
[Annotator "Belov,I"]
[PlyCount "63"]
[EventDate "1993.12.??"]
[EventType "swiss"]
[EventRounds "11"]
[EventCountry "NED"]
[SourceTitle "CBM 039"]
[Source "ChessBase"]
[SourceDate "1994.04.01"]
[SourceVersion "1"]
[SourceVersionDate "1994.04.01"]
[SourceQuality "1"]

1. d4 d5 2. c4 c6 3. Nc3 Nf6 4. Nf3 e6 5. e3 Nbd7 6. Bd3 dxc4 7. Bxc4 b5 8. Be2
a6 9. O-O (9. e4 b4 10. e5 bxc3 11. exf6 Nxf6 12. bxc3 Bd6 13. O-O (13. Nd2 O-O
14. Nc4 Be7 15. Bf3 Bb7 16. Rb1 Ra7 $1 17. Ne5 Qc8 18. O-O c5 19. Ba3 Bxf3 20.
Qxf3 Rc7 21. Rfd1 cxd4 22. Bxe7 Rxe7 23. Rxd4 Rc7 24. c4 $14 {Hansen,L-Bagirov,
V/Debrecen/1992/1:0 (81) Inf 56/492/}) 13... O-O 14. Bg5 (14. c4 c5 15. Ba3 Qa5
16. Bxc5 Bxc5 17. dxc5 Rd8 18. Qb3 Qxc5 $15 {Seirawan,Y-Kramnik,V/Manila(ol)/
1992/0:1 (61) Inf 55/437/}) 14... Qc7 (14... c5 15. Rb1 $5 h6 16. Bh4 cxd4 17.
cxd4 Bd7 18. Ne5 $16 {Jurka,M-Sherbakov,R/Pardubice/1992/}) 15. Bd3 c5 16. Re1
Bb7 17. Ne5 {Gleizerov,E-Nalbandian,T/Voskresensk/1993/1:0 (47)/}) 9... c5 $5 (
9... Bb7 10. e4 c5 11. e5 Nd5 12. a4 b4 13. Ne4) 10. d5 $5 $146 (10. e4 cxd4
11. Nxd4 Bb7 12. f3 Bc5 13. Be3 O-O $10) 10... exd5 (10... b4 $6 11. dxe6 fxe6
(11... bxc3 12. exd7+ Qxd7 13. bxc3 $16) 12. Na4 Bb7 13. Ng5 $16) 11. Nxd5 Bb7
12. Nxf6+ Qxf6 $5 (12... Nxf6 13. a4 b4 (13... Qb6 14. axb5 axb5 15. Rxa8+ Bxa8
16. Qb3 Bc6 17. Ne5 $18) 14. b3 Be7 15. Bb2 O-O 16. Ne5 $14) 13. a4 b4 (13...
Qb6 14. b3 Be7 15. axb5 axb5 16. Rxa8+ Bxa8 17. Bb2 Bf6 18. Bxf6 Nxf6 19. Qd3
Bc6 20. Ne5 $16) 14. e4 $1 h6 (14... Bxe4 $6 15. Ng5 Bg6 (15... Bb7 16. Re1 $1
Be7 17. Bc4 $16) 16. Bf3 Ra7 17. Re1+ Be7 18. Qe2 $44) 15. Bc4 Nb6 (15... Rd8
16. Qe2 Be7 17. e5 Qg6 18. Re1) 16. e5 $5 Qg6 (16... Bxf3 17. exf6 Bxd1 18.
Re1+ $1 $18) (16... Qc6 $5 17. Be2 Be7 18. a5 Nd5 (18... Nd7 19. Bc4 Nf8 $13)
19. Bc4 O-O 20. Qe2 Nc7 $5) 17. Bd3 Qe6 $5 (17... Qc6 18. e6 fxe6 19. Bg6+ $16)
18. a5 Nd7 (18... Nd5 19. Nd2 $1 Be7 20. Nc4 O-O 21. f4 $36) 19. b3 (19. Re1 $5
Be7 20. Nd2 O-O 21. Nc4 Qd5 22. Bf1 $14) 19... Be7 20. Bc4 Qc6 21. Bb2 (21. e6
fxe6 22. Re1 Nf8 23. Bb2 Bf6 24. Bxf6 gxf6 25. Nh4 h5 $13) 21... Nf8 $1 (21...
O-O $6 22. e6 fxe6 23. Re1 $16) 22. Ne1 (22. e6 $6 Nxe6 23. Bxe6 fxe6 24. Bxg7
$2 Rg8 $19) 22... Ne6 23. f4 Qe4 (23... g6 $5 24. f5 gxf5 25. Rxf5 Rg8 26. Qe2
Bg5 $13) 24. Qd3 Qxd3 25. Nxd3 g6 26. Rac1 Rd8 $1 27. Bxe6 fxe6 (27... Rxd3 28.
Bc4 Rd2 29. Rf2 $14) 28. Nxc5 Bxc5+ 29. Rxc5 Rd2 30. Rf2 Rd1+ 31. Rf1 Rd2 32.
Rf2 1/2-1/2

[Event "Moscow"]
[Site "Moscow"]
[Date "1981.04.??"]
[Round "2"]
[White "Petrosian, Tigran V"]
[Black "Torre, Eugenio"]
[Result "1/2-1/2"]
[WhiteElo "2585"]
[BlackElo "2550"]
[Annotator "Belov,I"]
[PlyCount "68"]
[EventDate "1981.04.08"]
[EventType "tourn"]
[EventRounds "13"]
[EventCountry "URS"]
[EventCategory "15"]
[SourceTitle "MCL"]
[Source "ChessBase"]
[SourceDate "1999.07.01"]
[SourceVersion "1"]
[SourceVersionDate "1999.07.01"]
[SourceQuality "1"]

1. d4 d5 2. c4 c6 3. Nf3 Nf6 4. Nc3 e6 5. e3 Nbd7 6. Bd3 dxc4 7. Bxc4 b5 8. Bd3
Bb7 9. a3 a6 (9... b4 10. Ne4 (10. axb4 Bxb4 11. O-O c5 12. Na2 O-O 13. Nxb4
cxb4 14. b3 Qb6 15. Bb2 Rfc8 $10 {Granda Zuniga,T-Akopian,V/Biel(izt)/1993/})
10... Nxe4 11. Bxe4 Qc7 12. axb4 $1 Bxb4+ 13. Bd2 Bxd2+ 14. Nxd2 c5 15. Qc2 Qb6
$10 {Gelfand,B-Anand,V/Biel(izt)/1993/1:0 (29) Inf 58/483/}) 10. b4 Bd6 11. Nd2
$5 (11. O-O O-O 12. Ne4 Nxe4 13. Bxe4 a5 14. Rb1 Qe7 15. Bd2 $14 {Gligoric,
S-Sanguineti,R/Buenos Aires/1959/}) 11... a5 (11... O-O 12. Nb3 e5 13. O-O exd4
14. exd4 $16) 12. Nce4 Be7 $1 (12... Nxe4 13. Nxe4 Be7 14. Bd2 $14) 13. Nxf6+
Nxf6 14. bxa5 (14. Rb1 $2 axb4 15. axb4 Nd5 $17) 14... O-O (14... Qxa5 15. O-O
O-O 16. Nb3 Qc7 17. Qc2 $14) 15. Qc2 (15. O-O c5 16. Bxb5 cxd4 17. Nf3 (17. Nb3
$2 Qd5 $19) (17. exd4 $2 Qd5 $19) 17... Qxa5 $15) 15... c5 $1 16. dxc5 Rc8 17.
Nb3 $8 (17. O-O $2 Rxc5 18. Qb1 Rd5 $19) 17... Bxg2 18. Rg1 Bd5 19. Bb2 $6 (19.
Bd2 $142 $5 $13) 19... Bxb3 20. Qxb3 Rxc5 $15 21. a6 $1 Qa5+ 22. Ke2 Qxa6 23.
Bd4 Rd5 $8 {>< b5/} 24. a4 $1 (24. Qb2 e5 $1 25. Bxe5 Rxd3 26. Kxd3 b4+ 27. Kd2
bxa3 $1 28. Qb3 Ne4+ 29. Ke1 g6 $17) 24... Qd6 (24... bxa4 $2 25. Qxd5 $1 Qxd3+
26. Kxd3 $16) (24... e5 $5 25. axb5 Qb7 26. Ra7 Qb8 $13) 25. axb5 Rxd4 $5 (
25... e5 26. Ra6 $1 Qd7 (26... Qb8 $2 27. Rxf6) 27. Ra7 Qd6 28. Ra6 $10) 26.
exd4 Qxd4 (26... Nd5 27. Kf1 Qxh2 28. Be4 $16) 27. Ra4 (27. Qc4 $5 Qe5+ 28. Kf1
Nd5 $13) 27... Qe5+ 28. Kf1 Qxh2 29. Be2 $1 Bd6 (29... Bc5 30. Qg3 $14) 30. b6
Bc5 31. Rg2 Qh1+ 32. Rg1 Qh2 33. Rg2 Qh1+ 34. Rg1 Qh2 1/2-1/2

[Event "EU-chT (Men) 10th"]
[Site "Debrecen"]
[Date "1992.11.??"]
[Round "4.2"]
[White "Costa, Jean Luc"]
[Black "Bagirov, Vladimir"]
[Result "0-1"]
[WhiteElo "2425"]
[BlackElo "2500"]
[Annotator "Bulletin"]
[PlyCount "116"]
[EventDate "1992.11.20"]
[EventType "team-swiss"]
[EventRounds "9"]
[EventCountry "HUN"]
[SourceTitle "EU-chT"]
[Source "ChessBase"]
[SourceDate "1999.07.01"]
[SourceVersion "2"]
[SourceVersionDate "1999.07.01"]
[SourceQuality "1"]
[WhiteTeam "Switzerland"]
[BlackTeam "Latvia"]
[WhiteTeamCountry "SUI"]
[BlackTeamCountry "LAT"]

1. d4 d5 2. c4 c6 3. Nc3 Nf6 4. e3 e6 5. Nf3 Nbd7 6. Bd3 dxc4 7. Bxc4 b5 8. Bb3
b4 9. Na4 Ba6 10. Bd2 c5 11. dxc5 Nxc5 12. Nxc5 Bxc5 13. Bxe6 O-O (13... fxe6
14. Qa4+ $16) 14. Qb3 Bb7 15. Bc4 a5 16. Rd1 (16. O-O $2 Bxf3 17. gxf3 Qxd2 18.
Rad1 a4 19. Bxf7+ Kh8 20. Qc4 Qxb2 $17) 16... Qc7 17. O-O Rad8 18. h3 Ba7 19.
Bc1 Rc8 20. Be2 Bb8 21. Rfe1 (21. g3 $2 Ne4 {/\ Ng3}) 21... Ne4 (21... Be4 22.
Rd4 Bc2 23. Qc4) 22. h4 (22. Rd4 Ng5 23. Rf4 Nxf3+ 24. Bxf3 Bxf3 25. gxf3 (25.
Rxf3 Qh2+ 26. Kf1 Rxc1 27. Rxc1 Qh1+ $19) 25... Qxc1 26. Rxc1 Rxc1+ 27. Kg2
Bxf4 28. exf4 Rfc8 $17) 22... Nf6 23. Qa4 (23. Rd4 $2 Bxf3 24. Bxf3 Qh2+ 25.
Kf1 Rxc1 26. Rxc1 Qh1+ $19) 23... h6 (23... Rfe8 $5) 24. a3 Bc6 25. Qc2 Qb7 26.
Qf5 Qc7 27. axb4 axb4 28. Bd2 Be4 29. Qb5 Bc2 30. Rc1 b3 31. Bb4 Rfe8 32. Bd3
Bxd3 33. Qxd3 Qxc1 34. Rxc1 Rxc1+ 35. Be1 Be5 36. Qxb3 Rb8 37. Qd3 Bxb2 38. Kh2
Ng4+ 39. Kh3 h5 40. Qd7 Nf6 (40... Bf6 $1) 41. Qf5 Rd8 42. Ba5 Rh1+ (42... Rd5
43. Qf4 Rxa5 44. Qb8+ Kh7 45. Qxb2) 43. Kg3 Re8 (43... Rd5 $2 44. Qc8+ Kh7 45.
Qc2+) 44. Ng5 Be5+ 45. f4 Bc3 46. e4 (46. Bxc3 Rxe3+ 47. Kf2 Rxc3 $19) 46...
Bxa5 (46... Be1+ 47. Bxe1 Rxe1 48. e5 Re3+ 49. Kf2 Ng4+ 50. Kf1 Rf3+ 51. Ke2 (
51. gxf3 Ne3+ $19) 51... Rf2+ 52. Kd3 Rd8+ 53. Kc3 Rc2+ $3 54. Kb3 Rb8+ 55. Ka3
$10) 47. Qxa5 Rd1 (47... Nxe4+ $4 48. Nxe4 Rxe4 49. Qa8+ $18) (47... Rxe4 $1
48. Nxe4 Nxe4+ $10) 48. Qf5 Rd3+ 49. Kf2 Red8 (49... Rd2+ 50. Kg1 Rd1+ 51. Kh2
Ng4+ 52. Kh3 Rd3+ 53. g3 $1 Nf6 54. e5 $1 $18) 50. Nf3 Ng4+ 51. Kg3 g6 52. Qg5
Kg7 53. f5 Re8 54. Kf4 Re3 55. f6+ (55. e5 $5 Re2 $1 (55... R8xe5 56. Nxe5 Rxe5
57. f6+ Kf8 58. Qxe5 Nxe5 59. Kxe5 Ke8 60. Kd6 Kd8 61. g3 $1 $18)) 55... Kg8
56. e5 Re6 57. Nh2 R6xe5 58. Nxg4 (58. Qxe5 Rxe5 59. Nxg4 Rf5+ $19) 58... R5e4#
0-1

[Event "URS-ch U26"]
[Site "Tbilisi"]
[Date "1989.??.??"]
[Round "?"]
[White "Dautov, Rustem"]
[Black "Dreev, Alexey"]
[Result "1-0"]
[WhiteElo "2535"]
[BlackElo "2520"]
[Annotator "Bulletin"]
[PlyCount "87"]
[EventDate "1989.01.??"]
[EventType "tourn"]
[EventRounds "15"]
[EventCountry "URS"]
[EventCategory "9"]
[SourceTitle "CBM 012"]
[Source "ChessBase"]
[SourceDate "1989.10.01"]
[SourceVersion "1"]
[SourceVersionDate "1989.10.01"]
[SourceQuality "1"]

1. c4 e6 2. Nc3 d5 3. d4 c6 4. Nf3 Nf6 5. e3 Nbd7 6. Bd3 dxc4 7. Bxc4 b5 8. Bd3
Bb7 9. e4 b4 10. Na4 c5 11. e5 Nd5 12. Nxc5 $5 (12. O-O {Hauptvariante} cxd4
13. Re1 {13.Nxd4!?}) 12... Nxc5 (12... Bxc5 13. dxc5 Nxc5 14. Bb5+ Kf8 15. O-O
h6 16. Qd4 Rc8 $5 {N} (16... Qb6 {ECO D47/16} 17. Bc4 $1 Rc8 {17...Rd8; 17...
Nd7}) 17. Qg4 $1 $13 {Dautov,R-Oll,L/URS-YM Tbilisi/1989/ -> CBM12}) 13. dxc5
Bxc5 14. O-O h6 15. Nd2 Nc3 16. Qc2 Qd5 17. Nf3 Rd8 18. Ne1 Bd4 19. Bd2 Ne4 $6
(19... Nb5 $5 20. Bxb4 Bxe5 $1 {/+/=; Magerramov-Bagirov/Baku/1976/}) 20. Bxb4
Bxe5 21. Rd1 Bd4 22. Qe2 a6 23. Bxa6 Bxa6 24. Qxa6 e5 25. Qa4+ Rd7 26. Rc1 Qb7
27. Nf3 f5 28. Rc6 $1 Nf6 29. Re6+ Kf7 30. Rxe5 $1 Kg6 31. a3 Rc8 32. Qb3 Qb6
33. Nxd4 Qxd4 34. Qe6 Qf4 35. g3 Qf3 36. Re3 Qg4 37. Qa6 Rc2 38. Bc3 f4 39. Re6
f3 40. Rxf6+ gxf6 41. Qxf6+ Kh7 42. Qh8+ Kg6 43. Qg8+ Kf5 44. Qe8 1-0

[Event "URS-ch46 First League"]
[Site "Ashkhabad"]
[Date "1978.??.??"]
[Round "17"]
[White "Kakageldyev, Amanmurad"]
[Black "Beliavsky, Alexander G"]
[Result "0-1"]
[WhiteElo "2415"]
[BlackElo "2545"]
[Annotator "Bulletin"]
[PlyCount "72"]
[EventDate "1978.10.??"]
[EventType "tourn"]
[EventRounds "17"]
[EventCountry "URS"]
[EventCategory "10"]
[SourceTitle "MCL"]
[Source "ChessBase"]
[SourceDate "1999.07.01"]
[SourceVersion "1"]
[SourceVersionDate "1999.07.01"]
[SourceQuality "1"]

1. d4 d5 2. c4 e6 3. Nc3 c6 4. Nf3 Nf6 5. e3 Nbd7 6. Bd3 dxc4 7. Bxc4 b5 8. Bd3
Bb7 9. e4 b4 10. Na4 c5 11. e5 Nd5 12. O-O cxd4 13. Re1 g6 14. Bg5 Qa5 15. Nxd4
a6 16. Rc1 $6 (16. Nf3) 16... Bg7 17. Nc6 Bxc6 18. Rxc6 O-O 19. Re4 h6 (19...
Bxe5 $4 20. Rxe5 Nxe5 21. Rc5 $18) 20. Bh4 g5 21. Bg3 Rfc8 22. Qc2 Ne7 23. Rcc4
Bxe5 24. f4 gxf4 25. Bf2 $13 Bg7 26. Rxf4 Ne5 27. Nb6 b3 $6 (27... Nxc4 28.
Nxc8 Rxc8 29. Rxc4 Rd8) 28. Qxb3 Rcb8 29. Rb4 Nxd3 30. Qxd3 Rd8 31. Qf3 Rab8
32. a3 Qg5 33. g3 $2 (33. h4 $1) 33... Ng6 34. h4 Qe7 35. Rfe4 Ne5 36. Qe2 Qc7
$2 (36... Nd3 $1) 0-1